Garmin 2°EIA - Statistics

Estatísticas Gerais
  • Esse quiz foi jogado 484 vezes
  • A pontuação média é 20 de 35
Estatísticas das Respostas
Hint Resposta % Correto
Capacidade de gravação de dados (h) 100
94%
Duração dos trend vectors (s) 6
94%
Desvio máximo indicador de derrapagem 7
81%
Bug de altitude aviso amarelo ao ultrapassar __ft 200
76%
Bug de altitude aviso preto (ft) 1000
75%
Bug de altitude aviso ciano (ft) 200
75%
Atitude cabrada mínima para ativar o Declutter 30
75%
Atitude picada mínima para ativar o Declutter 20
73%
Marcações maiores do indicadr de curva 30, 60
70%
Ao trocar o bug de HDG, linha pontilhada pisca por _s 5
70%
Inclinação mínima para ativar o Declutter 65
70%
Campo AGL disponível até ____ft 2500
69%
Marcações menores do indicador de curva 10, 20, 45
67%
Tempo da janela de confirmação ao desligar a bateria (s) 60
58%
Tempo de alinhamento do ADHRS ANV parada (min) 1
55%
Atitude picada mínima para o MFI exibir setas vermelhas 20
55%
Marcações do indicador de atitude 2,5, 5, 10
55%
Capacidade bateria MFI (h) 3
55%
Tempo de duração do IDENT(s) 18
52%
Tempo de transmissão para considerar falha no PTT (s) 30
52%
Atitude cabrada mínima para o MFI exibir setas vermelhas 40
52%
Número de perfis em Crew Profiles 7
52%
Tempo de alinhamenro do ADHRS ANV em mov. (min) 1 a 2
51%
Atitudes picadas para o PFD exibir setas vermelhas 30 a 80
51%
Atitudes cabradas para o PFD exibir setas vermelhas 50 a 80
51%
Capacidade dos cartões SD compatíveis com o slot(GB) 8 a 32
48%
Glide range ring projeta até __ft 50
43%
Intervalo indicador de atitude 90 a -90
40%
Tráfegos c/ seta na lateral: razão de sub/desc > ___ ft/min 500
37%
Intervalo das marcas de precisão 20 a -20
33%
Altitude filtering NORMAL +-___ft 2700
33%
Altitude filtering ABOVE -___/+___ft 2700 9900
33%
Altitude filtering UNRESTRICTED +-___ft 9900
33%
Altitude filtering BELOW -___/___ft 9900 2700
33%
Intervalo das marcas menores 45 a -25
25%
Nenhum quiz correspondente encontrado
Distribuição das Pontuações
Porcentagem de Pessoas com Cada Pontuação
Percentil de Números Respondidos
Sua Pontuação Histórica
Você não jogou esse quiz